000 00673nam a22001817a 4500
999 _c166351
_d166351
005 20190722123909.0
010 _aENG-126028
020 _a9788178442556
_c495.00
035 _aEN-109560
037 _bDBAD/PUB
082 _a519.2
100 _aKaushik, Arun
245 _aAn introduction to probability and statistics :
_cby Arun Kaushik [and] Rajwant K. Singh
_bbook for undergraduate and graduate students /
260 _aNew Delhi
_bR.K. Pulblications
_c2018
270 _a4806/24, Bharat Ram Road, Darya Ganj
_bNew Delhi
_e110002
_k011-23285167, 65185557
_minfo@kkpublications.com
300 _aviii,155p.
_c24cm(Hb)
942 _2ddc
_cEN
_h519.2
_mKAU